000 00516nam a2200205Ia 4500
008 210210b2018 xxu||||| |||| 00| 0 eng d
041 _aeng
082 _a420.07 AHMM
100 _aAHMAD (Jameel)
245 _aMedia technology and English language teaching
260 _aNew Delhi
_bA P H Publishing Corporation
_c2018
300 _axii,196
650 _atechnology
650 _ateaching
650 _aMedia
650 _alanguage
650 _aEnglish
690 _aEnglish Language
906 _a073680
999 _c123430
_d123430